Fī al-ʻāṣifah, (Record no. 45865)

MARC details
000 -LEADER
fixed length control field 00542cam a22001931 4500
001 - CONTROL NUMBER
control field ne 63000946
003 - CONTROL NUMBER IDENTIFIER
control field DLC
005 - DATE AND TIME OF LATEST TRANSACTION
control field 20260227111745.0
008 - FIXED-LENGTH DATA ELEMENTS--GENERAL INFORMATION
fixed length control field 820714s1962 ua 000 1 ararc
010 ## - LIBRARY OF CONGRESS CONTROL NUMBER
LC control number ne 63000946
035 ## - SYSTEM CONTROL NUMBER
System control number (OCoLC)8598893
040 ## - CATALOGING SOURCE
Original cataloging agency Princeton Univ. Libr.
Transcribing agency TU
Modifying agency TU
-- DLC
042 ## - AUTHENTICATION CODE
Authentication code premarc
050 00 - LIBRARY OF CONGRESS CALL NUMBER
Classification number PJ7862.A59
Item number F5
100 1# - MAIN ENTRY--PERSONAL NAME
Personal name Sanad, Kīlānī Ḥasan.
245 10 - TITLE STATEMENT
Title Fī al-ʻāṣifah,
Statement of responsibility, etc. shiʻr Kīlānī Ḥasan Sanad.
260 ## - PUBLICATION, DISTRIBUTION, ETC.
Place of publication, distribution, etc. al-Qāhirah,
Name of publisher, distributor, etc. ʻĀlam al-Kutub
Date of publication, distribution, etc. [1962 ?]
300 ## - PHYSICAL DESCRIPTION
Extent 87 p.
Dimensions 17 cm.

No items available.

Powered by Koha